| 000 | 00956cam a22003131 4500 | ||
|---|---|---|---|
| 999 |
_c4031 _d4031 |
||
| 001 | 6070519 | ||
| 003 | Nust | ||
| 005 | 20170105101618.0 | ||
| 008 | 751126s1938 mauaf j 000 1 eng | ||
| 010 | _a 38005859 | ||
| 020 | _a0618002219 (pbk) | ||
| 035 | _a(OCoLC)ocm00303209 | ||
| 035 | _a(NNC)6070519 | ||
| 035 | _a(OCoLC)303209 | ||
| 040 |
_aDLC _cWRJ _dDLC _dBTCTA _dZCU |
||
| 050 | 0 | 0 |
_aPZ8.T52 _bHo2 |
| 082 |
_a824 _bTOL |
||
| 100 | 1 |
_aTolkien, J. R. R. _q(John Ronald Reuel), _d1892-1973. |
|
| 240 | 1 | 0 | _aHobbit |
| 245 | 1 | 4 |
_aThe hobbit, or, There and back again, _cby J. R. R. Tolkien. Illus. by the author. |
| 260 |
_aBoston, _bHoughton Mifflin, _c1938. |
||
| 300 |
_a271 p. _bcol. front., illus., plates (part col.) _c21 cm. |
||
| 500 | _aIllustrated lining-papers. | ||
| 600 | 1 | 0 |
_aBaggins, Bilbo _vFiction. |
| 650 | 0 |
_aMiddle Earth (Imaginary place) _vFiction. |
|
| 655 | 0 | _aFantasy fiction. | |
| 942 |
_2ddc _cBK |
||